| 000 | 00713nam a2200229 a 4500 | ||
|---|---|---|---|
| 999 |
_c12493 _d12493 |
||
| 001 | 12493 | ||
| 003 | BD-JhCC | ||
| 005 | 20220804134024.0 | ||
| 008 | 220313t19882017bg |||| ||a| 000 0 ben d | ||
| 035 | _a(BD-JhCC)12493 | ||
| 040 |
_aBD-JhCC _dBD-JhCC |
||
| 041 | _aBengali,Japan | ||
| 082 |
_a495.6321 _bSHU 2017 |
||
| 100 | _aShunzo, Shibata | ||
| 245 |
_aজাপান-বাংলা প্রয়োগ অভিধান / _cShibata Shunzo, Tran: Maliha Banu Haydar. |
||
| 260 |
_aঢাকা : _bসাহিত্য প্রকাশ; _c২০১৭. |
||
| 300 |
_a952 p. : _c18 cm. |
||
| 650 | _aJapanies Language | ||
| 700 | _aHaydar, Maliha Banu | ||
| 942 |
_2ddc _cBK _05 |
||